| 000 | 00343nam a2200133Ia 4500 | ||
|---|---|---|---|
| 008 | 240624s9999 xx 000 0 und d | ||
| 041 | _aeng | ||
| 082 | _a920 DAT | ||
| 100 | _aDATTA DEBASISH | ||
| 245 | _aSOURAV GANGULY THE MAHARAJA OF CRICKET | ||
| 260 |
_c2007 _aNew Delhi _bNiyogi Books |
||
| 300 | _a203 : p. : cm. ; 30 | ||
| 365 |
_cRS _b30 |
||
| 999 |
_c13661 _d13661 |
||